| 000 | 00914nas a2200301 4500 | ||
|---|---|---|---|
| 001 | BR2012007273 | ||
| 003 | BR-BrBNA | ||
| 005 | 20231205121227.0 | ||
| 007 | ta | ||
| 008 | 230509b bl.|||p| |||| 00| 00por d | ||
| 040 |
_aBR-BrBNA _bpor _cBiblioteca Nacional de Agricultura |
||
| 041 | _a(Pt) | ||
| 072 | _aQ03 | ||
| 100 | 1 | _aForcelini, H.C.D.L. | |
| 100 | 1 | _aKolm, H.E. | |
| 100 | 1 | _aAbsher, T.M. | |
| 245 | 1 | _aColiformes totais e Escherichia coli em ostras comercializadas no mercado municipal de Guaratuba, Paraná - Brasil | |
| 650 | _aOSTRA | ||
| 650 | _aCOLIFORME | ||
| 650 | _aSAÚDE PÚBLICA | ||
| 650 | _aHIGIENE | ||
| 650 | _aMICRORGANISMO | ||
| 650 | _aCONTAMINAÇÃO | ||
| 650 | _aPARANÁ | ||
| 773 | 0 |
_tBoletim do Instituto de Pesca (Brazil) _xISSN 0046-9939 _g(Apr-Jun 2009), v. 35(2) p. 275-283 _wBR2012007273 |
|
| 909 |
_a202311 _bLúcia _c55 _dLúcia Elande |
||
| 942 |
_2AGRIS _n0 _cANA |
||
| 999 |
_c222436 _d222436 |
||